Trade yearbook 1972

Salvato in:
Dettagli Bibliografici
Natura: Libro
Lingua:inglese
Pubblicazione: Rome Food and Agriculture Organization of the United States 1973
Tags: Aggiungi Tag
Nessun Tag, puoi essere il primo ad aggiungerne!!

MARC

LEADER 00000nam a2200000 4500
001 c111225
005 20041019155149.1
041 0 |a eng 
044 |a IT 
245 1 0 |a Trade yearbook 1972 
264 1 |a Rome  |b Food and Agriculture Organization of the United States  |c 1973 
300 |a 530 s.